|
|
|
|
| LEADER |
03079nam a22004218i 4500 |
| 001 |
38636 |
| 003 |
BD-DhAAL |
| 005 |
20220821104609.0 |
| 008 |
220523t2021 enk 000 0 eng d |
| 999 |
|
|
|c 44101
|d 44101
|
| 010 |
|
|
|a 2019015670
|
| 020 |
|
|
|a 9781292351476
|
| 020 |
|
|
|a 1292351470
|
| 020 |
|
|
|a 9780134897899
|
| 020 |
|
|
|a 0134897897
|
| 040 |
|
|
|a DLC
|b eng
|e rda
|c DLC
|d BD-DhAAL
|
| 042 |
|
|
|a pcc
|
| 050 |
0 |
0 |
|a HB172.5
|b .B573 2019
|
| 082 |
0 |
0 |
|a 339
|2 23
|
| 100 |
1 |
|
|a Blanchard, Olivier
|q (Olivier J.),
|e author.
|9 48616
|
| 245 |
1 |
0 |
|a Macroeconomics /
|c Olivier Blanchard.
|
| 250 |
|
|
|a Eighth Edition.
|
| 263 |
|
|
|a 1910
|
| 264 |
|
1 |
|a Harlow, England :
|b Pearson,
|c c2021.
|
| 300 |
|
|
|a 539 pages :
|b illustrations ;
|c 26 cm.
|
| 500 |
|
|
|a Revised edition of Macroeconomics, [2017]
|
| 505 |
0 |
|
|a A tour of the world -- A tour of the book -- The goods market -- Financial markets I -- Goods and financial markets : the IS-LM model -- Financial markets II: the extended S-LM model -- The labor market -- The phillips curve, the natural rate of unemployment, and inflation -- From the short to the medium run : the IS-LM-PC model -- The facts of growth -- Saving, capital accumulation,and output -- Technological progress and growth -- Technological progress : the short, the medium, and the long run -- Expectations -- Financial markets and expectations -- Expectations, consumption, and investment -- Expectations, output, and policy -- Openness in goods and financial markets -- The goods market in an open economy -- Output, the interest rate, and the exchange rate -- Exchange rate regimes -- Should policy makers be restrained? -- Fiscal policy : a summing up -- Monetary policy : a summing up -- Epilogue: the story of macroeconomics.
|
| 526 |
|
|
|a ESS
|
| 541 |
|
|
|a Book Finder International
|e 38636, 39373, 39374, 39375, 39376
|
| 650 |
|
0 |
|a Macroeconomics.
|9 48617
|
| 650 |
|
0 |
|a Economics.
|9 48618
|
| 852 |
|
|
|a Ayesha Abed Library
|c General Stacks
|
| 942 |
|
|
|2 ddc
|c BK
|
| 952 |
|
|
|0 0
|1 0
|2 ddc
|4 0
|6 339_000000000000000_BLA
|7 0
|9 70647
|a BRACUL
|b BRACUL
|c GEN
|d 2022-05-18
|e Book Finder International
|g 5796.09
|l 9
|m 94
|o 339 BLA
|p 3010038636
|r 2026-05-18
|s 2026-02-02
|t 1
|v 5796.09
|w 2022-05-18
|y BK
|
| 952 |
|
|
|0 0
|1 0
|2 ddc
|4 0
|6 339_000000000000000_BLA
|7 0
|9 71373
|a BRACUL
|b BRACUL
|c GEN
|d 2022-07-28
|e Book Finder International
|g 5796.09
|l 12
|m 118
|o 339 BLA
|p 3010039374
|r 2026-05-18
|s 2026-02-02
|t 3
|v 5796.09
|w 2022-07-28
|y BK
|
| 952 |
|
|
|0 0
|1 0
|2 ddc
|4 0
|6 339_000000000000000_BLA
|7 0
|9 71374
|a BRACUL
|b BRACUL
|c GEN
|d 2022-07-28
|e Book Finder International
|g 5796.09
|l 13
|m 105
|o 339 BLA
|p 3010039375
|r 2026-05-16
|s 2026-03-29
|t 4
|v 5796.09
|w 2022-07-28
|y BK
|
| 952 |
|
|
|0 0
|1 0
|2 ddc
|4 0
|6 339_000000000000000_BLA
|7 0
|9 71375
|a BRACUL
|b BRACUL
|c GEN
|d 2022-07-28
|e Book Finder International
|g 5796.09
|l 10
|m 55
|o 339 BLA
|p 3010039376
|q 2026-06-23
|r 2026-02-23
|s 2026-02-23
|t 5
|v 5796.09
|w 2022-07-28
|y BK
|
| 952 |
|
|
|0 0
|1 0
|2 ddc
|4 0
|6 339_000000000000000_BLA
|7 0
|9 71376
|a BRACUL
|b BRACUL
|c GEN
|d 2022-07-28
|e Book Finder International
|g 5796.09
|l 9
|m 123
|o 339 BLA
|p 3010039373
|q 2026-06-02
|r 2026-01-14
|s 2026-01-14
|t 2
|v 5796.09
|w 2022-07-28
|y BK
|